000 00333nam a2200133Ia 4500
008 191201s2009 xx 000 0 und d
100 _aGoyal, Manish
245 0 _aComputer Based numerical & Statistics
250 _a3 rd rep.
260 _c2009
_bLaxmi Publications
_aN.Delhi
300 _a588
650 _aMCA
942 _2ddc
_cBB
_03
999 _c7346
_d7346